Statistics for Guess the Famous Footballer from the Clue

Click here to take the quiz!

General Stats

  • This quiz has been taken 922 times
  • The average score is 11 of 15

Answer Stats

HintAnswer% Correct
Has won the most Ballon D'ors in historyLionel Messi
94%
Hand of GodDiego Maradona
86%
Broke the Messi and Ronaldo Ballon D'or streakLuka Modric
86%
Played for AC Milan his entire career and made 647 appearances for themPaolo Maldini
81%
Plays LM and CF for SpursSon Heung-Min
81%
Goalkeeper who won the Ballon D'orLev Yashin
79%
The Ajax home ground is named after himJohan Cruyff
76%
Only Italian CB to win the Ballon D'orFabio Cannavaro
74%
World cup 2018 golden boot winnerHarry Kane
74%
Holds the record for the second most expensive transfer in historyKylian Mbappe
72%
Scored the goal that sealed the premier league for Arsenal's invinciblesThierry Henry
72%
Spends more time on the ground than playing footballNeymar Jr
70%
Free kick against Greece in 2002 world cup qualificationDavid Beckham
66%
Has scored more Premier league goals than any other playerAlan Shearer
63%
Has played under 19 different coachesJavier Zanetti
3%

Score Distribution

Percentile by Number Answered

Percent of People with Each Score

Your Score History

You have not taken this quiz